000 00733cam a22002531 4500
999 _c9402
_d9402
001 9402
003 BD-JhCC
005 20180313191603.0
008 711012s1965 enk b 000 0 eng
035 _a(BD-JhCC)9402
040 _aDLC
_cDLC
_dDLC
_dBD-JhCC
041 _aeng
050 0 0 _aPE1065
_b.S85
082 0 0 _a420.712
_bSUM 1965
100 1 _aSummerfield, Geoffrey.
245 1 0 _aTopics in English for the secondary school.
260 _aLondon,
_bB. T. Batsford
_c[1965]
300 _a119 p.
_c23 cm.
500 _aStamped on t.p.: Distributed by Sportshelf, New Rochelle, N.Y.
504 _aIncludes bibliographies.
650 0 _aEnglish language
_xStudy and teaching (Secondary)
942 _2ddc
_cBK